Statistiques concernant Les céréales cultivées en France

Cliquez ici pour prendre le quiz!

Statistiques générales

  • Ce quiz a été pris 257 fois
  • Le résultat moyen est 5 sur 13

Statistiques - réponses

Millions de tonnesCéréale% Correct
11,5Maïs
88%
10,3Orge
85%
0,35Avoine
69%
0,1Riz
49%
0,1Seigle
46%
1,6Blé dur
31%
0,1Sarrasin
27%
27,9Blé tendre
23%
0,24Sorgho
22%
< 0,1Epeautre
21%
< 0,1Millet
21%
< 0,1Quinoa
18%
1,4Triticale
11%

Distribution des résultats

Percentile par nombre de réponses

% des personnes avec chaque résultat

Votre développement - résultats

Vous n’avez pas pris ce quiz